000 00987nam a2200253 i 4500
001 71068
003 ES-MaACL
005 20250823063041.0
007 t|
008 040805s1974 sp ||||1| spa d
100 1 _aGassier, Pierre,
_d1915-2000
_955913
245 1 0 _aVida y obra de Francisco Goya
_b: reproducción de su obra completa, pinturas, dibujos y grabados /
_cpor Pierre Gassier y Juliet Wilson : prefacio de Enrique Lafuente Ferrari ; edición dirigida por François Lachenal ; [traducción de Dolores Sánchez Aleu].
250 _a[1ª ed.].
260 _aBarcelona :
_bJuventud,
_c[1974]
300 _a400 p., 12 lám. :
_bil. ;
_c34 cm.
600 1 4 _aGoya, Francisco de,
_d1746-1828
_9240353
700 1 _aWilson, Juliet.
_9117038
700 1 _aLafuente Ferrari, Enrique,
_d1898-1985
_969538
700 1 _aLachenal, François.
_969361
700 1 _aSánchez Aleu, Dolores.
_9174488
852 _aES-MaACL
_jE-8776
_bR.93063
942 _2udc
999 _c71068
_d71068